| 000 | 00889nam a2200253 i 4500 | ||
|---|---|---|---|
| 001 | 15478 | ||
| 003 | ES-MaACL | ||
| 005 | 20251010144259.0 | ||
| 007 | t| | ||
| 008 | 000322s1976 sp ||||1| spa d | ||
| 020 | _a84-7392-005-8 | ||
| 080 | _a929:32 Rodriguez de Campomanes, Pedro | ||
| 100 | 1 |
_aGil Fernández, Luis. _956817 |
|
| 245 | 1 | 0 |
_aCampomanes, un helenista en el poder / _cLuis Gil. |
| 260 |
_aMadrid : _bFundación Universitaria Española, Seminario Diego Hurtado de Mendoza, _c1976. |
||
| 300 |
_a205 p. ; _c19 cm. |
||
| 490 | 1 |
_aMonografías ; _v21 |
|
| 500 | _aApéndice documental: p. 139-199. | ||
| 600 | 1 | 4 |
_aRodríguez Campomanes, Pedro, _d1723-1803 _998399 |
| 710 | 2 |
_aFundación Universitaria Española. _94426 |
|
| 830 | 1 | 0 |
_aMonografías (Centro de Estudios Benaventanos "Ledo del Pozo") _v21 _9177262 |
| 852 |
_aES-MaACL _jG-2102 |
||
| 999 |
_c15478 _d15478 |
||